000
00324 a2200157 4500
001
188978
020
_a
85-260-0172-5
040
_c
Magnum
100
_a
Quintana, Mário
240
1
0
_a
Melhores poemas
_l
por
245
1
0
_a
Melhores poemas
300
_a
120
362
0
_a
2005
697
_a
LITERATURA GERAL
942
_c
BK
999
_c
188978
_d
188978